000
00251nam a2200097Ia 4500
008
201216s9999 xx 000 0 und d
100
_a
Marshall Cavendish
245
0
_a
(The) Enclopaedia of Transport
260
_a
London
_b
Marshall Cavendish
300
_a
245
999
_c
6065
_d
6065